| 000 | 01809cgm a2200445Ma 4500 | ||
|---|---|---|---|
| 001 | ocn221681981 | ||
| 003 | OCoLC | ||
| 005 | 20100817010122.0 | ||
| 007 | vf cbahou | ||
| 008 | 941111s1987 enk033 e vaeng d | ||
| 035 | _a(OCoLC)221681981 | ||
| 040 |
_aAU@ _beng _cAU@ _dOCLCQ |
||
| 049 | _aSZTA | ||
| 082 | 0 | 4 |
_a346.0134 _220 |
| 245 | 0 | 0 |
_aBlind justice _h[videorecording]. |
| 246 | 3 | _aAll men are created equal | |
| 246 | 3 | _aFor your own protection | |
| 246 | 3 | _aMurders most foul | |
| 246 | 3 | _aSome protection | |
| 246 | 3 | _aSomeone must be trusted | |
| 246 | 3 | _aWomen and the law | |
| 260 |
_a[England] : _bSmoothcloud Ltd. for Channel Four Television, _cc1987. |
||
| 300 |
_a1 videocassette (VHS) (ca. 33 min.) : _bsd., col. ; _c1/2 in. |
||
| 500 | _a"JB001." | ||
| 500 | _aContainer title of pt. 4: Some protection. | ||
| 500 | _aDistributed by: Video Classroom. | ||
| 500 | _aSubtitle on container: Women and the law. | ||
| 505 | 0 | _aAll men are created equal -- Someone must be trusted --Murders most foul -- For your own protection. | |
| 508 | _aProducer, Orly Bat Carmel; directors, Monique Renault, Gillian Lacey, Christine Roche, Marjut Rimminen. | ||
| 520 | _aA four part animated series on women and the law. Part 1 traces the origins of modern Western law to classical Greece, part 2 concentrates on bias in courts, part 3 exposes a villian who gets away with murder, and part 4 shows the effect of imprisonment on young girls. | ||
| 650 | 0 |
_aWomen _xLegal status, laws, etc. |
|
| 700 | 1 | _aCarmel, Orly Bat. | |
| 700 | 1 | _aLacey, Gillian. | |
| 700 | 1 | _aRenault, Monique. | |
| 700 | 1 | _aRimminen, Marjut. | |
| 700 | 1 |
_aRoche, Christine, _d1939- |
|
| 710 | 2 | _aChannel Four (Great Britain) | |
| 710 | 2 | _aSmoothcloud Ltd. | |
| 710 | 2 | _aVideo Classroom (Firm : Vic.) | |
| 999 |
_c766 _d766 |
||